| 000 | 00662cab a2200217 4500 | ||
|---|---|---|---|
| 001 | WB2521-24 | ||
| 008 | 090401t1989 xxu||||| |||| 00| 0 eng d | ||
| 035 | _a(Sirsi) u47383 | ||
| 041 | _aeng | ||
| 245 | _aSurvey costs | ||
| 260 | _c1989 | ||
| 350 | _a0 | ||
| 490 |
_aTimes _v27/5/89 p23 |
||
| 520 | _aThere is no imminent rise predicted in the cost of surveys for valuation purposes, despite the recent rulings in the courts on surveyors ` liability . | ||
| 650 | _aNEGLIGENCE | ||
| 650 | _aSMITH V ERIC S BUSH | ||
| 650 | _aVALUATION SURVEYS | ||
| 690 | _aMANAGEMENT-BUSINESS MANAGEMENT-PROFESSIONAL PRACTICE | ||
| 942 | _n0 | ||
| 948 | _c04/03/1997 | ||
| 999 |
_c29884 _d29884 |
||